You Are Born To Blossom (Record no. 369763)

MARC details
000 -LEADER
fixed length control field 00501nam a2200181 4500
005 - DATE AND TIME OF LATEST TRANSACTION
control field 20260108125232.0
008 - FIXED-LENGTH DATA ELEMENTS--GENERAL INFORMATION
fixed length control field 260108b |||||||| |||| 00| 0 eng d
020 ## - INTERNATIONAL STANDARD BOOK NUMBER
International Standard Book Number 978-81-8430-350-6
041 ## - LANGUAGE CODE
Language code of text/sound track or separate title English
082 ## - DEWEY DECIMAL CLASSIFICATION NUMBER
Classification number X 920 KAL
Item number B12129
100 ## - MAIN ENTRY--PERSONAL NAME
Author Kalam, APJ Abdul
110 ## - MAIN ENTRY--CORPORATE NAME
Corporate name or jurisdiction name as entry element Tiwari, Arun
245 ## - TITLE STATEMENT
Title You Are Born To Blossom
Remainder of title :Take my Journey Beyond
260 ## - PUBLICATION, DISTRIBUTION, ETC.
Place of publication, distribution, etc. New Delhi
Name of publisher, distributor, etc. Ocean Books Ltd
Date of publication, distribution, etc. 2025
300 ## - PHYSICAL DESCRIPTION
Extent 176p.
Other physical details HB
365 ## - TRADE PRICE
Price type code Rupaye
Price amount 264
Currency code INR
942 ## - ADDED ENTRY ELEMENTS (KOHA)
Koha item type Books
Holdings
Withdrawn status Lost status Source of classification or shelving scheme Damaged status Not for loan Collection code Home library Current library Date acquired Vendor Net Price Bill number Total Checkouts Full call number Barcode Date last seen Date last checked out Bill Date Koha item type Original Barcode
    Dewey Decimal Classification     Non-fiction Smt. Bakul Tambat Institute of Nursing Education Smt. Bakul Tambat Institute of Nursing Education 30/12/2025 Amazon(online) 171-2631319-3695555 264.00 HYD8-5864432 1 X 920 KAL B12129 BTIN-BK-12129 28/01/2026 20/01/2026 21/10/2025 Books BTIN-BK-12129